Statystyki dla Stopniowanie przymiotników - angielski.

Kliknij tutaj aby rozwiązać quiz!

Ogólne statystyki

  • Ten quiz został rozwiązany 615 razy
  • Średni wynik to 12 z 30

Statystyki odpowiedzi

Stopień równyStopień wyższy/najwyższy% Poprawnych
bigbigger
82%
manymore
79%
drydrier
69%
the most
65%
the biggest
62%
goodbetter
61%
the driest
56%
interestingmore interesting
50%
badworse
50%
carefulmore careful
48%
the worst
46%
the best
44%
longlonger
39%
the most interesting
36%
the most careful
35%
safesafer
33%
uglyuglier
33%
shyshyer
29%
dangerousmore dangerous
27%
the shyest
27%
the ugliest
26%
clevercleverer/more clever
25%
farfarther/further
23%
the safest
23%
quietquieter/more quiet
22%
the longest
21%
the most dangerous
15%
the cleverest/the most clever
12%
the farthest/the furthest
10%
the quietest/ the most quiet
8%

Rozkład punktacji

Percentyl według liczby udzielonych odpowiedzi

Procent ludzi z każdym wynikiem

Twoja historia wyników

Nie rozwiązałeś tego quizu